000 00837nam a22002532 4500
001 0000009037
005 20151021151120.0
008 080720s xx 000 0 eng d
020 _a9966949577 :
_cDonation
040 _aKABU
_cKABU
100 1 _aOiro, Mariam W.
_@0000160789
245 1 0 _aPoverty and employment in Kenya /
_cMiriam W. Oiro, Germano Mwabu, Damiano K. Manda.
260 _aNairobi :
_bKIPPRA,
_c2004.
300 _av, 22 p.
650 0 _aPoor
_zKenya.
_@0000160790
650 0 _aPoverty
_zKenya.
_@0000160791
650 0 _aEmployment
_zKenya.
_@0000160792
700 1 _aMwabu, Germano.
_@0000150371
700 1 _aManda, Damiano K.
_@0000160733
908 _a080720
950 _@1
999 _c819
_d819